00320 a2200133 450000100060000002000180000608200220002410000230004624500390006925000110010826000320011930000170015150000180016882275 a9780071181709 a363.728760973 LAG aLargrega Micheal D aHazardous Waste management, 2nd Ed a2nd Ed aNew YorkbMcGraw Hillc2001 axxvi, 1202P. aGeneral Books